Loading...

ADVANCES IN ENZYMILOGY: AND RELATED SUBJECTS OF BIOCHEMISTRY

Bibliographic Details
Format: Printed Book
Published: NEW YORK INTERSCIENCE PUBLISHERS INC. 1960
Subjects:
LEADER 00609nam a2200181 4500
020 |c 14 
082 |a 572 NOR 
100
245 |a ADVANCES IN ENZYMILOGY: AND RELATED SUBJECTS OF BIOCHEMISTRY  |h ENGLISH 
250
260 |a NEW YORK  |b INTERSCIENCE PUBLISHERS INC.  |c 1960 
300 |a 567  |f HB 
500 |a   
590 |d Dollar 14 
650 |a ADVANCES IN ENZYMILOGY-- AND RELATED SUBJECTS OF BIOCHEMISTRY 
942 |c BK 
999 |c 118953  |d 118953 
952 |0 0  |1 0  |4 0  |6 572_000000000000000_NOR  |7 0  |9 132419  |a CHE  |b CHE  |g 14.00  |l 0  |o 572 NOR  |p CHE260  |r 2019-10-15  |w 2019-10-15  |y BK